How many twenty one pilots characters can you name? - Statistics

General Stats
  • This quiz has been taken 83 times
  • The average score is 8 of 15
Answer Stats
Hint Answer % Correct
Bishops Nico
97%
Protagonist Clancy
95%
Bandito Torchbearer
89%
Cheetah Jason
79%
Creativity Ned
77%
SAI cover Trash
74%
Keons
61%
Andre
45%
Sacarver
37%
Lisden
35%
Trench cover Clifford
34%
Nills
34%
Vetomo
32%
Listo
29%
Reisdro
29%
No matching quizzes found
Score Distribution
Percent of People with Each Score
Percentile by Number Answered
Your Score History
You have not taken this quiz